On This Day: September 21st Quiz Stats

Quiz Updated Sep 21, 2017

Challenge
Share
Tweet
Embed
Score 0/7 Timer 03:00
0 Plays Today
Question Answer Wrong Answers
This novel by J. R. R. Tolkien is published.
1937
The Hobbit
95.9%
A Game of Thrones
1.8%
Eragon
0.7%
Dune
0.6%
This American actor and comedian, who starred in many films such as ‘Caddyshack’ and ‘Groundhog Day’, is born.
1950
Bill Murray
87.7%
Dan Aykroyd
2.9%
Chevy Chase
7.2%
Christopher Walken
1.1%
This man, an American general during the Revolutionary War, secretly meets with the British to discuss handing over West Point.
1780
Benedict Arnold
85.6%
Ethan Allen
3%
Nathan Hale
6.5%
Nathanael Greene
4.8%
Salvador Lutteroth runs a professional wrestling promotion show in Mexico, marking the birth of ______.
1933
Lucha Libre
79.4%
Boxeo Falso
6.9%
Saco De Boxeo
9.1%
Lucha Divertida
3.7%
The National Convention declares ______ a republic and abolishes the absolute monarchy.
1792
France
72.9%
Denmark
13.3%
Norway
8.3%
Russia
5.4%
John Williams Wilson takes possession of the Strait of Magellan on behalf of the newly independent ______ government.
1843
Chilean
56.7%
Panamanian
21.8%
Indonesian
12.2%
Malaysian
8.8%
Belize is granted full independence from this country.
1981
United Kingdom
42.8%
United States
3.2%
Spain
33.3%
Portugal
19.4%

Today's Daily Dose

You're not logged in!

Compare scores with friends on all Sporcle quizzes.
Sign Up with Email
OR
Log In

You Might Also Like...

Show Comments

Extras

Top Quizzes Today


Score Distribution

Your Account Isn't Verified!

In order to create a playlist on Sporcle, you need to verify the email address you used during registration. Go to your Sporcle Settings to finish the process.